000 00516pab a2200169 454500
008 180718b2006 xxu||||| |||| 00| 0 eng d
100 _aJenkins, William O.
245 _aCollaboration over adaptation: the case for interoperable communications in homeland security
260 _c2006
300 _ap.319-21.
362 _aMay-Jun
650 _aCollaborations - United States
650 _aState security - United States
650 _aState security
773 _aPublic Administration Review
909 _a71261
999 _c71261
_d71261